000
00351nam a2200157Ia 4500
003
OSt
005
20240521123740.0
008
170524s9999 xx 000 0 und d
020
_a
978-1259001710
040
_c
iimtu
100
_a
Aryasari- A.K.
245
0
_a
Engineering & Managerial Economics
260
_b
TMH
260
_c
2011
942
_2
ddc
_c
02
999
_c
5943
_d
5943